[Event "Norway Chess op-B"]
[Site "Stavanger"]
[Date "2025.05.27"]
[Round "2"]
[White "Solskinnsbakk, Emthe"]
[Black "Vestly, Jan Vidar"]
[Result "1-0"]
[WhiteElo "1719"]
[BlackElo "2031"]
[PlyCount "62"]
[EventDate "2025.05.27"]
[EventType "swiss"]
[EventRounds "9"]
[EventCountry "NOR"]
[SourceTitle "CB23_2025"]
[SourceDate "2025.06.04"]
[SourceVersion "1"]
[SourceVersionDate "2025.06.04"]
[SourceQuality "1"]

1. e4 d5 2. exd5 Qxd5 3. Nc3 Qa5 4. d4 Nf6 5. Bd2 c6 6. Bc4 Qc7 7. Nf3 Bg4 8. Qe2 e6 9. 0-0 Nbd7 10. h3 Bf5 11. d5 cxd5 12. Bxd5 Nxd5 13. Nxd5 Qc5 14. c4 Rc8 15. Rac1 a5 16. b4 Qa7 17. Bf4 Bxb4 18. Nc7+ Kf8 19. Nb5 Qb6 20. Rfd1 Nf6 21. Ne5 Ke7 22. g4 Bg6 23. g5 Nh5 24. Rd7+ Ke8 25. Be3 Bc5 26. Nd6+ Qxd6 27. Rxd6 Bxd6 28. Nxg6 hxg6 29. c5 Bf4 30. Qb5+ Kf8 31. Qxb7 Rb8 1-0